00888nam a2200217Ia 450000500170000000800410001702000150005804000560007304100080012911000760013724501100021326000470032330000180037065000310038865000490041965000350046865000370050365100410054070000520058170000370063320190806102622.0130821s1994 ck gr spa  a9589276733 aCO-BoUCMbspacJose A. Gerena (modificó)d[Nuevo] aspa1 aColombia.bConsejería Presidencial para la Modernización del Estado10aGerencia pública en Colombiaceditores Jorge Hernán Cárdenas SantaMaría, William Zambrano Cetina. aBogotá (Colombia)bLa Consejeríac1994 a573 páginas07aAdministración pública07aDescentralización administrativazColombia07aPlanes de desarrollozColombia07aReforma administrativazColombia 4aColombiaxAdministración pública1 aCárdenas Santamaría, Jorge Hernáneeditor1 aZambrano Cetina, Williameeditor